| 000 | 00374nam a2200133Ia 4500 | ||
|---|---|---|---|
| 008 | 220204s9999 xx 000 0 und d | ||
| 082 |
_a551.58 _bWIL |
||
| 245 | 0 | _aCarbon dioxide climate and society. | |
| 260 |
_aOxford _bPergamon _c1978 |
||
| 490 | _aIIASA Proceedings series, environment; v 1 | ||
| 650 | _aCarbon cycle modeling | ||
| 700 | _aWILLIAMS, Jill | ||
| 942 | _cBK | ||
| 999 |
_c31245 _d31245 |
||